Mathematical model of human upper cervical spine /
Saved in:
| 主要作者: | |
|---|---|
| 格式: | Thesis 圖書 |
| 語言: | English |
| 出版: |
1999.
|
| 標簽: |
添加標簽
沒有標簽, 成為第一個標記此記錄!
|
| LEADER | 00685cam a2200205 a 4500 | ||
|---|---|---|---|
| 001 | u490270 | ||
| 003 | SIRSI | ||
| 008 | 990618s1999 si v 00 1 eng m | ||
| 035 | |a ACR-6329 | ||
| 040 | |a UMM | ||
| 090 | |a TJ7 |b NUS 1999 She | ||
| 100 | 1 | 0 | |a Sheng, Xiebing. |
| 245 | 1 | 0 | |a Mathematical model of human upper cervical spine / |c Xiebing Sheng. |
| 260 | |c 1999. | ||
| 300 | |a viii, 125 leaves : |b ill. ; |c 30 cm. | ||
| 502 | |a Dissertation (M.Eng.) -- National University of Singapore, 2000. | ||
| 504 | |a Bibliograhy: leaves 96-100. | ||
| 948 | |a 10/11/2001 |b 29/10/2002 | ||
| 596 | |a 1 | ||
| 999 | |a TJ7 NUS 1999 SHE |w LC |c 1 |i A510539045 |l B_KOM4 |m P01UTAMA |r Y |s Y |t TESIS |u 5/11/2002 |o .PUBLIC. BKOM 4 : 45086 | ||
